000 00859cam a2200241 4500
001 ABS63375
008 000000n2001 000 0 eng u
035 _a(Sirsi) u110696
100 _aBrewer, G.
245 _aDemanding payment
260 _c2001
490 _aContract Journal
_v407(6311) 24 January 2001, 22(1)
520 _aExamines the wider implications of "Carillion Construction v Felix UK" (2000) where a settlement agreement was set aside on the grounds that the agreement had been reached under economic duress.
590 _aABS
650 _aCARILLION CONSTRUCTION V FELIX UK
650 _aCONTRACT CLAIMS
650 _aDSND SUBSEA LTD V PETROLEUM GEO SERVICES ASA (PGS)
650 _aDURESS
650 _aECONOMIC DURESS
650 _aSETTLEMENT AGREEMENTS
690 _aBUILT ENVIRONMENT-BUILDING CONTRACT FORMS
942 _n0
999 _c65969
_d65969